000 00364nam a2200145Ia 4500
999 _c6232
_d6232
020 _a9780670081608
082 _a133.9 KAK-M
245 0 _aMad and divine: spirit and psyche in the modern world
260 _aNew Delhi
_bPenguin Group
_c2008
300 _a178
504 _aincludes bibliography
650 _aSpirituality
700 _aKakar, Sudhir
942 _cBK